[Event "CZE Extraliga 2019-20"]
[Site "Czech Republic"]
[Date "2020.01.25"]
[Round "5.7"]
[White "Kriebel, Tadeas"]
[Black "Hollan, Petr"]
[Result "1-0"]
[WhiteElo "2536"]
[BlackElo "2301"]
[Annotator "ChessBase"]
[PlyCount "133"]
[EventDate "2019.09.15"]
[EventType "team-tourn"]
[EventCountry "CZE"]
[SourceTitle "playchess.com"]
[Source "ChessBase"]
[SourceQuality "1"]
[TimeControl "40/5400+30:1800+30"]

1. d4 {[%emt 0:00:00]} Nf6 {[%emt 0:00:00]} 2. c4 {[%emt 0:00:00]} c5 {[%emt 0:00:32]} 3. d5 {[%emt 0:00:19]} g6 {[%emt 0:00:11]} 4. Nc3 {[%emt 0:01:48]} Bg7 {[%emt 0:00:11]} 5. e4 {[%emt 0:02:26]} d6 {[%emt 0:00:43]} 6. Bd3 {[%emt 0:01:06]} O-O {[%emt 0:00:15]} 7. Nge2 {[%emt 0:00:17]} e6 {[%emt 0:02:58]} 8. O-O {[%emt 0:01:15]} Na6 {[%emt 0:02:03]} 9. h3 {[%emt 0:02:19]} Nc7 {[%emt 0:00:25]} 10. dxe6 {[%emt 0:10:18]} fxe6 {[%emt 0:02:29]} 11. f4 {[%emt 0:00:29]} Kh8 {[%emt 0:04:55]} 12. Be3 {[%emt 0:08:01]} b6 {[%emt 0:02:55]} 13. e5 {[%emt 0:15:35]} dxe5 {[%emt 0:08:27]} 14. fxe5 {[%emt 0:00:25]} Nd7 {[%emt 0:01:52]} 15. Rxf8+ {[%emt 0:00:04]} Qxf8 {[%emt 0:03:58]} 16. Be4 {[%emt 0:00:09]} Rb8 {[%emt 0:15:12]} 17. Qd2 {[%emt 0:06:22]} Nxe5 {[%emt 0:06:51]} 18. Rf1 {[%emt 0:00:24]} Qe8 {[%emt 0:01:02]} 19. Bh6 {[%emt 0:04:14]} Nf7 {[%emt 0:22:17]} 20. Bxg7+ {[%emt 0:01:49]} Kxg7 {[%emt 0:00:02]} 21. Qf4 {[%emt 0:04:51]} Qe7 {[%emt 0:01:15]} 22. Nb5 {[%emt 0:00:28]} Na6 {[%emt 0:01:39]} 23. Qg3 {[%emt 0:08:51]} e5 {[%emt 0:01:25]} 24. Nec3 {[%emt 0:01:29]} Be6 {[%emt 0:06:39]} 25. Nd5 {[%emt 0:06:36]} Bxd5 {[%emt 0:00:08]} 26. Bxd5 {[%emt 0:00:05]} Rf8 {[%emt 0:00:23]} 27. Re1 {[%emt 0:11:17]} Nb4 {[%emt 0:02:07]} 28. Bxf7 {[%emt 0:00:09]} Rxf7 {[%emt 0:00:29]} 29. Rxe5 {[%emt 0:01:33]} Qf6 {[%emt 0:00:19]} 30. Re1 {[%emt 0:04:45]} Nd3 {[%emt 0:03:17]} 31. Nd6 {[%emt 0:01:57]} Qd4+ {[%emt 0:02:16]} 32. Re3 {[%emt 0:00:01]} Nxb2 {[%emt 0:04:49]} 33. Kh2 {[%emt 0:01:38]} Nxc4 34. Rd3 {[%emt 0:00:47]} Qf4 {[%emt 0:03:43]} 35. Nxf7 {[%emt 0:00:14]} Qxf7 {[%emt 0:00:06]} 36. Qg5 {[%emt 0:02:28]} Qc7+ {[%emt 0:00:50]} 37. Kh1 {[%emt 0:00:17]} Qf7 {[%emt 0:00:23]} 38. Qc1 {[%emt 0:00:57]} h6 {[%emt 0:01:19]} 39. Qa1+ {[%emt 0:00:44]} Kh7 {[%emt 0:00:31]} 40. Rd8 {[%emt 0:00:27]} Qg7 {[%emt 0:00:29]} 41. Qe1 {[%emt 0:32:18]} Ne5 {[%emt 0:06:33]} 42. Rd5 {[%emt 0:00:00]} Nd7 {[%emt 0:08:25]} 43. Qe6 {[%emt 0:00:00]} Nf8 {[%emt 0:01:42]} 44. Qe2 {[%emt 0:00:00]} h5 {[%emt 0:04:53]} 45. Re5 {[%emt 0:00:00]} Kg8 {[%emt 0:04:53]} 46. Re7 {[%emt 0:00:00]} Qa1+ {[%emt 0:02:38]} 47. Kh2 {[%emt 0:00:00]} Qd4 {[%emt 0:00:37]} 48. Rxa7 {[%emt 0:00:00]} Qf4+ {[%emt 0:01:31]} 49. g3 {[%emt 0:00:00]} Qd6 {[%emt 0:00:33]} 50. h4 {[%emt 0:00:00]} Ne6 {[%emt 0:01:37]} 51. Qf2 {[%emt 0:00:00]} Nd8 {[%emt 0:00:15]} 52. a4 {[%emt 0:00:00]} g5 {[%emt 0:02:02]} 53. hxg5 {[%emt 0:00:00]} h4 {[%emt 0:00:01]} 54. Qf5 {[%emt 0:00:00]} Qxg3+ {[%emt 0:00:27]} 55. Kh1 {[%emt 0:00:00]} Qe1+ {[%emt 0:00:38]} 56. Kg2 {[%emt 0:00:00]} h3+ {[%emt 0:01:10]} 57. Kh2 {[%emt 0:00:00]} Qe2+ {[%emt 0:00:37]} 58. Kxh3 {[%emt 0:00:00]} Qe3+ {[%emt 0:00:11]} 59. Kg2 {[%emt 0:01:37]} Qe2+ {[%emt 0:00:17]} 60. Kg3 {[%emt 0:00:55]} Qe3+ {[%emt 0:00:35]} 61. Qf3 {[%emt 0:00:37]} Qe1+ {[%emt 0:00:56]} 62. Kh3 {[%emt 0:01:55]} Qe6+ {[%emt 0:00:29]} 63. Kh4 {[%emt 0:00:15]} Qe1+ {[%emt 0:00:26]} 64. Kh5 {[%emt 0:00:39]} Qe8+ {[%emt 0:00:11]} 65. Kh6 {[%emt 0:02:02]} Qe6+ {[%emt 0:00:38]} 66. g6 {[%emt 0:01:04]} Qe5 {[%emt 0:00:44]} 67. Qb3+ {[%emt 0:00:12]} 1-0

[Event "CZE Extraliga 2019-20"]
[Site "Czech Republic"]
[Date "2020.01.25"]
[Round "5.7"]
[White "Suran, Jan"]
[Black "Jasny, Stanislav"]
[Result "1/2-1/2"]
[WhiteElo "2396"]
[BlackElo "2346"]
[Annotator "TA"]
[PlyCount "57"]
[EventDate "2019.09.15"]
[EventType "team-tourn"]
[EventCountry "CZE"]
[SourceTitle "playchess.com"]
[Source "ChessBase"]
[SourceQuality "1"]

{[%evp 22,57,10,0,56,2,12,17,20,0,0,0,3,0,28,25,31,0,0,0,0,0,0,0,31,28,29,-21,-29,-131,-127,-129,-125,-120,0,0,0,0]} 1. c4 Nf6 2. Nc3 d6 3. d4 g6 4. e4 Bg7 5. Nf3 O-O 6. Be2 Nbd7 7. O-O e5 8. Be3 c6 9. Qc2 Qe7 10. Rfe1 exd4 11. Bxd4 Re8 12. Rad1 Ne5 {E94: King's Indian: Classical: 6 Be2 e5 7 0-0: Various Black 7th moves} ({Black should try} 12... c5 $11 13. Be3 Nxe4) (12... b6 13. Nd2 Bb7 14. f4 Nd5 15. Nf3 Bxd4+ 16. Rxd4 Nxf4 17. Qd2 Nxe2+ 18. Rxe2 Rad8 19. Rxd6 Ne5 20. Rxd8 Rxd8 {½-½ (40) Inarkiev,E (2675)-Mamedov,R (2642) Moscow 2015}) 13. Be3 $146 (13. h3 $14) ({Predecessor:} 13. h3 Nfd7 14. Be3 Nxf3+ 15. Bxf3 Nc5 16. Qd2 Be5 17. Ne2 a5 18. b3 h5 19. Bg5 {½-½ (19) Kovalyov,A (2557)-Paunovic,D (2533) Figueira da Foz 2009}) 13... Nfg4 $11 14. Bc1 Nxf3+ 15. Bxf3 Qe5 16. Bxg4 Bxg4 17. Rd3 Rad8 18. Be3 Qa5 19. Bd4 {[#]} d5 $1 $40 {[%mdl 640] Black has some attack.} 20. cxd5 cxd5 21. Bxg7 Kxg7 22. h3 Bf5 {[%cal Rf5e4] Hoping for ...Bxe4.} 23. b4 Qc7 24. Qd2 (24. Qb2 {with more complications.} Qe5 25. Qd2 d4 26. Na4 b6 27. f4) 24... dxe4 25. Nxe4 (25. Rd4 $11 {keeps the balance.}) 25... Bxe4 $17 {[#]} ({Reject} 25... Rxe4 $6 26. Rxe4 Rxd3 27. Qxd3 $11) 26. Rxe4 $1 {[%mdl 512]} Rxe4 27. Rxd8 Qe7 (27... Qe5 $17 28. f3 Re2) 28. Qc3+ $11 Qe5 29. Qxe5+ {Accuracy: White = 34%, Black = 68%.} 1/2-1/2

[Event "CZE Extraliga 2019-20"]
[Site "Czech Republic"]
[Date "2020.01.25"]
[Round "5.7"]
[White "Cerveny, Martin"]
[Black "Vlasak, Lukas"]
[Result "1-0"]
[WhiteElo "2350"]
[BlackElo "2423"]
[Annotator "NA"]
[PlyCount "163"]
[EventDate "2019.09.15"]
[EventType "team-tourn"]
[EventCountry "CZE"]
[SourceTitle "playchess.com"]
[Source "ChessBase"]
[SourceQuality "1"]
[TimeControl "40/5400+30:1800+30"]

1. d4 {[%emt 0:00:00]} Nf6 {[%emt 0:00:41]} 2. c4 {[%emt 0:00:00]} e6 {[%emt 0:00:46]} 3. Nc3 {[%emt 0:00:00]} d5 {[%emt 0:00:36]} 4. cxd5 {[%emt 0:00:25]} exd5 {[%emt 0:00:08]} 5. Bg5 {[%emt 0:00:07]} c6 {[%emt 0:00:34]} 6. e3 {[%emt 0:00:11]} Be7 {[%emt 0:00:11]} 7. Bd3 {[%emt 0:00:33]} Nbd7 {[%emt 0:00:13]} 8. Qc2 {[%emt 0:00:12]} h6 {[%emt 0:00:09]} 9. Bh4 {[%emt 0:00:35]} Nh5 {[%emt 0:00:17]} 10. Bxe7 {[%emt 0:00:41]} Qxe7 {[%emt 0:00:10]} 11. Nf3 {[%emt 0:00:35]} Nb6 {[%emt 0:00:09]} 12. O-O {[%emt 0:02:30]} O-O {[%emt 0:02:17]} 13. Rae1 {[%emt 0:11:53]} Nf6 {[%emt 0:03:06]} 14. Ne5 {[%emt 0:01:22]} Ng4 $14 {[%emt 0:10:59]} 15. f4 {[%emt 0:04:00]} Nxe5 {[%emt 0:11:27]} 16. fxe5 {[%emt 0:00:45]} Be6 {[%emt 0:00:36]} 17. Ne2 {[%emt 0:02:37]} c5 {[%emt 0:08:55]} 18. Nf4 {[%emt 0:01:33]} c4 {[%emt 0:20:49]} 19. Bh7+ {[%emt 0:00:55]} Kh8 {[%emt 0:00:51]} 20. Bf5 {[%emt 0:02:06]} Bxf5 {[%emt 0:04:22]} 21. Qxf5 {[%emt 0:00:03]} Qg5 {[%emt 0:00:22]} 22. Qh3 {[%emt 0:00:08]} Rac8 23. Rf3 Rc6 24. Ref1 Rg8 25. Nh5 c3 26. bxc3 Qg6 27. Rxf7 Nc4 28. R7f5 Nd2 29. Rc1 Ne4 30. Nf4 Qe8 31. Nxd5 Qe6 32. c4 b5 33. Nf4 Qc8 34. c5 Qa6 35. e6 Qxa2 36. Rf7 Qf2+ 37. Kh1 Rxe6 38. Qf3 Qd2 39. Rf1 Ng5 40. Qd5 Rxe3 41. Rf8 Rxf8 42. Ng6+ Kh7 43. Nxf8+ Kh8 44. Qf5 Qd3 45. h4 Qxf5 46. Rxf5 Ne4 47. Re5 b4 48. c6 b3 49. c7 Nf2+ 50. Kg1 b2 51. Rb5 Ng4 52. Kf1 Nh2+ 53. Kg1 Ng4 54. g3 Rxg3+ 55. Kh1 Rh3+ 56. Kg2 Rc3 57. Ng6+ Kh7 58. h5 Ne3+ 59. Kf2 Ng4+ 60. Ke2 Rc2+ 61. Kf3 Nf6 62. Rb8 Rc3+ 63. Ke2 Nxh5 64. Nf8+ Kg8 65. Ne6+ Kf7 66. Nc5 Ng3+ 67. Kf2 Ne4+ 68. Kg2 Rc2+ 69. Kf3 Nd6 70. Ke3 Ke7 71. Kd3 Rf2 72. Ne4 Rf3+ 73. Ke2 Rf8 74. Nxd6 Kxd6 75. Rxf8 b1=Q 76. c8=Q Qe4+ 77. Kf1 Qh1+ 78. Kf2 Qh4+ 79. Kg2 Qg5+ 80. Kf3 Qh5+ 81. Qg4 Qh1+ 82. Kf2 1-0

[Event "CZE Extraliga 2019-20"]
[Site "Czech Republic"]
[Date "2020.01.25"]
[Round "5.7"]
[White "Zeman, Matyas"]
[Black "Ludvik, Tomas"]
[Result "0-1"]
[WhiteElo "2247"]
[BlackElo "2305"]
[Annotator "TA"]
[PlyCount "54"]
[EventDate "2019.09.15"]
[EventType "team-tourn"]
[EventCountry "CZE"]
[SourceTitle "playchess.com"]
[Source "ChessBase"]
[SourceQuality "1"]

{[%evp 18,54,22,15,20,34,53,0,0,0,0,0,10,-22,-1,-21,0,0,0,0,0,0,0,-11,0,0,0,-46,-25,-42,-50,-260,-273,-352,-355,-598,-573,-579,-568]} 1. e4 c5 2. Nc3 Nc6 3. Nge2 e6 4. g3 d5 5. exd5 exd5 6. Bg2 Nf6 7. d4 cxd4 8. Nxd4 Be7 9. h3 O-O 10. O-O h6 {B24: Closed Sicilian: 3 g3 sidelines} (10... Qb6 11. Nce2 a5 12. a4 Bc5 13. Nb3 Bf5 14. Nxc5 Qxc5 15. c3 Be4 16. Be3 Qe7 17. Nd4 Ne5 18. Re1 Bxg2 19. Kxg2 {½-½ (53) Deviatkin,A (2570)-Grachev,B (2668) Irkutsk 2010}) 11. Be3 Ne5 12. b3 $146 ({White should play} 12. Nde2 $14) ({Predecessor:} 12. Rb1 Re8 13. Kh2 Nc4 14. Bf4 Be6 15. Ndb5 g5 16. Bc1 Qd7 17. b3 Nb6 18. Nd4 {½-½ (39) Jakubiec,E (2178)-Walentukiewicz,M (2114) Polanica Zdroj 2005}) 12... Qa5 $11 {The position is equal.} 13. Nce2 Re8 14. Nf4 Bd7 15. Nd3 Bd6 16. Bf4 Qb6 17. Nxe5 Bxe5 18. Bxe5 Rxe5 19. Qd3 Rae8 20. Rad1 Qa5 21. c4 dxc4 ({Not} 21... Qxa2 $2 22. Ra1 $18) 22. bxc4 Qa6 ({Don't go for} 22... Qxa2 $2 23. Ra1 $18) 23. Rb1 b6 24. Nb5 $2 (24. h4 $15) 24... Bf5 $19 {[%mdl 64] [#] Skewer} ({Worse is} 24... Qxa2 25. Ra1 $11) 25. Qc3 {Threatening Nc7.} Bxb1 26. Nc7 $2 (26. Rxb1 Qxa2 27. Rf1) 26... Qxa2 27. Nxe8 Rxe8 {Accuracy: White = 36%, Black = 38%.} 0-1

[Event "CZE Extraliga 2019-20"]
[Site "Czech Republic"]
[Date "2020.01.25"]
[Round "5.8"]
[White "Studnicka, Tomas"]
[Black "Chytilek, Roman"]
[Result "1-0"]
[WhiteElo "2341"]
[BlackElo "2330"]
[Annotator "NA"]
[PlyCount "137"]
[EventDate "2019.09.15"]
[EventType "team-tourn"]
[EventCountry "CZE"]
[SourceTitle "playchess.com"]
[Source "ChessBase"]
[SourceQuality "1"]
[TimeControl "40/5400+30:1800+30"]

1. d4 {[%emt 0:00:00]} Nf6 {[%emt 0:00:00]} 2. Bf4 {[%emt 0:00:00]} d6 {[%emt 0:01:44]} 3. Nc3 {[%emt 0:02:10]} c6 {[%emt 0:02:28]} 4. e4 {[%emt 0:04:16]} Qa5 {[%emt 0:02:21]} 5. Bd3 {[%emt 0:01:03]} e5 {[%emt 0:01:44]} 6. dxe5 {[%emt 0:02:06]} dxe5 {[%emt 0:00:05]} 7. Bg5 {[%emt 0:00:54]} Be7 {[%emt 0:01:36]} 8. Qd2 {[%emt 0:02:40]} h6 {[%emt 0:04:06]} 9. Be3 {[%emt 0:06:13]} Ng4 {[%emt 0:00:35]} 10. Nge2 {[%emt 0:00:16]} Nd7 {[%emt 0:09:17]} 11. O-O $15 {[%emt 0:03:57]} Nxe3 {[%emt 0:02:52]} 12. Qxe3 {[%emt 0:00:50]} Qb6 {[%emt 0:01:50]} 13. Qg3 {[%emt 0:07:27]} O-O {[%emt 0:01:15]} 14. Rab1 {[%emt 0:00:37]} Qd8 {[%emt 0:13:38]} 15. a4 {[%emt 0:18:37]} a6 {[%emt 0:08:36]} 16. Ra1 {[%emt 0:00:38]} b6 {[%emt 0:02:35]} 17. Bc4 {[%emt 0:04:54]} Rb8 {[%emt 0:05:44]} 18. Nd1 {[%emt 0:04:27]} b5 {[%emt 0:05:21]} 19. axb5 {[%emt 0:00:31]} axb5 {[%emt 0:00:19]} 20. Ba2 {[%emt 0:00:12]} Bc5 {[%emt 0:03:19]} 21. Nc1 {[%emt 0:03:30]} Qg5 {[%emt 0:07:17]} 22. Nd3 {[%emt 0:06:45]} Qxg3 {[%emt 0:02:20]} 23. hxg3 {[%emt 0:00:09]} Bd6 {[%emt 0:00:52]} 24. Ne3 {[%emt 0:08:12]} Nc5 {[%emt 0:01:49]} 25. Nxc5 {[%emt 0:09:34]} Bxc5 {[%emt 0:00:06]} 26. Rfe1 {[%emt 0:00:07]} Rd8 {[%emt 0:06:58]} 27. Rad1 {[%emt 0:00:50]} Rxd1 {[%emt 0:02:19]} 28. Rxd1 {[%emt 0:00:01]} Be7 {[%emt 0:02:43]} 29. Bb3 {[%emt 0:01:14]} g6 {[%emt 0:04:11]} 30. f3 {[%emt 0:05:36]} h5 {[%emt 0:00:46]} 31. Kf2 {[%emt 0:00:28]} Kf8 {[%emt 0:00:50]} 32. Ke2 {[%emt 0:00:44]} Ke8 {[%emt 0:01:18]} 33. Rh1 {[%emt 0:02:05]} Bf6 {[%emt 0:03:01]} 34. Ra1 {[%emt 0:02:31]} Ke7 {[%emt 0:01:26]} 35. Ra7+ {[%emt 0:02:42]} Rb7 {[%emt 0:00:10]} 36. Ra8 {[%emt 0:00:13]} Bd7 {[%emt 0:01:09]} 37. Nd1 {[%emt 0:00:36]} Be8 {[%emt 0:00:46]} 38. Nf2 {[%emt 0:00:06]} Rd7 {[%emt 0:00:39]} 39. Nd3 {[%emt 0:00:07]} Rd8 {[%emt 0:00:28]} 40. Ra6 {[%emt 0:00:31]} Kd6 {[%emt 0:00:47]} 41. f4 {[%emt 0:31:38]} exf4 {[%emt 0:06:54]} 42. gxf4 {[%emt 0:00:00]} Bd4 {[%emt 0:03:06]} 43. c3 {[%emt 0:00:00]} Bg1 {[%emt 0:01:34]} 44. Ne5 {[%emt 0:00:00]} f6 {[%emt 0:08:51]} 45. Nf3 {[%emt 0:00:00]} Bc5 {[%emt 0:00:32]} 46. Bc2 {[%emt 0:00:00]} Kc7 {[%emt 0:00:56]} 47. e5 {[%emt 0:00:00]} Kb7 {[%emt 0:01:05]} 48. Ra1 {[%emt 0:00:00]} fxe5 {[%emt 0:00:34]} 49. Nxe5 {[%emt 0:00:00]} Rd6 {[%emt 0:02:58]} 50. b4 {[%emt 0:00:00]} Bb6 {[%emt 0:00:16]} 51. Kf3 {[%emt 0:00:00]} Rf6 {[%emt 0:03:42]} 52. g4 {[%emt 0:00:00]} hxg4+ {[%emt 0:02:40]} 53. Kxg4 {[%emt 0:00:00]} Rd6 {[%emt 0:00:29]} 54. Rh1 {[%emt 0:01:40]} Rd2 {[%emt 0:02:39]} 55. Rh7+ {[%emt 0:01:01]} Ka6 {[%emt 0:00:29]} 56. Be4 {[%emt 0:00:10]} Re2 {[%emt 0:00:42]} 57. Bf3 {[%emt 0:00:15]} Rd2 {[%emt 0:00:35]} 58. Re7 {[%emt 0:03:01]} Rd8 {[%emt 0:00:16]} 59. Be4 {[%emt 0:00:46]} Be3 {[%emt 0:01:10]} 60. Kf3 {[%emt 0:02:11]} Bg1 {[%emt 0:00:39]} 61. Re6 {[%emt 0:00:55]} Kb6 {[%emt 0:00:29]} 62. Bxg6 {[%emt 0:00:00]} Bd7 {[%emt 0:00:28]} 63. Nxd7+ {[%emt 0:00:45]} Rxd7 {[%emt 0:00:07]} 64. Be4 {[%emt 0:00:02]} Rd2 {[%emt 0:00:48]} 65. Rxc6+ {[%emt 0:00:24]} Ka7 {[%emt 0:00:05]} 66. f5 {[%emt 0:00:47]} Rf2+ {[%emt 0:00:19]} 67. Kg4 {[%emt 0:00:07]} Bh2 {[%emt 0:00:30]} 68. Kg5 {[%emt 0:00:13]} Be5 {[%emt 0:01:11]} 69. f6 {[%emt 0:00:26]} 1-0

[Event "CZE Extraliga 2019-20"]
[Site "Czech Republic"]
[Date "2020.01.25"]
[Round "5.8"]
[White "Balacek, Tadeas"]
[Black "Vesselovsky, Serguei"]
[Result "*"]
[WhiteElo "2331"]
[BlackElo "2306"]
[Annotator "RC"]
[PlyCount "20"]
[EventDate "2019.09.15"]
[EventType "team-tourn"]
[EventCountry "CZE"]
[SourceTitle "playchess.com"]
[Source "ChessBase"]
[SourceQuality "1"]
[TimeControl "40/5400+30:1800+30"]

1. e4 {[%emt 0:00:00]} e6 {[%emt 0:00:00]} 2. d4 {[%emt 0:00:00]} d5 {[%emt 0:00:00]} 3. Nc3 {[%emt 0:00:04]} Nf6 {[%emt 0:00:17]} 4. Bg5 {[%emt 0:00:59]} Be7 {[%emt 0:00:24]} 5. e5 {[%emt 0:01:15]} Nfd7 {[%emt 0:00:12]} 6. Bxe7 {[%emt 0:00:26]} Qxe7 {[%emt 0:00:04]} 7. f4 {[%emt 0:01:02]} a6 {[%emt 0:00:18]} 8. Nf3 {[%emt 0:00:17]} c5 {[%emt 0:00:15]} 9. Qd2 {[%emt 0:01:22]} Nc6 {[%emt 0:00:11]} 10. dxc5 {[%emt 0:01:16]} Nxc5 {[%emt 0:00:21]} *

[Event "CZE Extraliga 2019-20"]
[Site "Czech Republic"]
[Date "2020.01.25"]
[Round "5.8"]
[White "Vesselovsky, Serguei"]
[Black "Balacek, Tadeas"]
[Result "1/2-1/2"]
[WhiteElo "2306"]
[BlackElo "2331"]
[Annotator "TA"]
[PlyCount "68"]
[EventDate "2019.09.15"]
[EventType "team-tourn"]
[EventCountry "CZE"]
[SourceTitle "playchess.com"]
[Source "ChessBase"]
[SourceQuality "1"]

{[%evp 21,68,0,0,0,0,0,0,0,19,17,23,16,30,6,19,-7,0,0,11,-5,-5,-5,-5,-5,0,0,0,-5,-5,-5,-5,-5,-5,-5,0,-5,-5,-16,-6,-31,0,-18,4,0,0,0,0,-54,107]} 1. e4 e6 2. d4 d5 3. Nc3 Nf6 4. Bg5 Be7 5. e5 Nfd7 6. Bxe7 Qxe7 7. f4 a6 8. Nf3 c5 9. Qd2 Nc6 10. dxc5 Nxc5 11. Bd3 b5 12. Ne2 {C14: French: Classical System: 4 Bg5 Be7 main line} (12. a3 Rb8 13. O-O O-O 14. b4 Nd7 15. Ne2 Nb6 16. Ned4 Bb7 17. Qf2 Nxd4 18. Nxd4 Nc4 19. Rae1 Nxa3 {1-0 (30) Bulmaga,I (2434)-Fataliyeva,U (2387) Moscow 2019}) 12... O-O 13. O-O b4 14. Qe3 {The position is equal.} Qa7 $146 ({Predecessor:} 14... g6 15. Kh1 a5 16. Ned4 Bd7 17. Nxc6 Bxc6 18. Nd4 Bd7 19. Be2 Rfc8 20. Rfc1 {½-½ (35) Nordal,S (2236)-Conde Poderoso,A (2293) ICCF email 2017}) 15. Ned4 Nxd4 16. Nxd4 {[#] Nc6 is the strong threat.} Bd7 17. Rfe1 Rfc8 18. a3 Nxd3 19. Qxd3 Qb6 20. axb4 Qxb4 21. Reb1 a5 22. c3 Qb6 23. h3 Rab8 24. Kh2 Qc5 25. Qd2 a4 26. Rc1 Rb6 27. Rc2 Qc4 28. Re1 Rcb8 29. Re2 Bb5 30. Rf2 Qd3 31. Qc1 Qg6 32. Qe3 Bd3 33. Rcd2 Be4 34. g4 (34. Rfe2 $11) 34... f6 $2 {Accuracy: White = 57%, Black = 36%.} (34... a3 $15 {stays ahead.} 35. f5 exf5 36. gxf5 Qh6 37. Qxh6 Rxh6 38. bxa3 Rb1) 1/2-1/2

[Event "CZE Extraliga 2019-20"]
[Site "Czech Republic"]
[Date "2020.01.25"]
[Round "5.8"]
[White "Dvorak, Martin"]
[Black "Zilka, Stepan"]
[Result "0-1"]
[WhiteElo "2193"]
[BlackElo "2533"]
[Annotator "TA"]
[PlyCount "74"]
[EventDate "2019.09.15"]
[EventType "team-tourn"]
[EventCountry "CZE"]
[SourceTitle "playchess.com"]
[Source "ChessBase"]
[SourceQuality "1"]

{[%evp 20,74,0,-25,-22,-17,-17,-85,-89,-130,-138,-155,-92,-93,-65,-68,-57,-58,-64,-53,-25,-116,-120,-140,-59,-146,-133,-152,-137,-147,-136,-154,-157,-144,-164,-169,-130,-214,-179,-199,-171,-173,-148,-160,-179,-243,-234,-404,-284,-824,-764,-29988,-29989,-29989,-29990,-29996,-29997]} 1. e4 d6 2. d4 Nf6 3. Nc3 e5 4. Nf3 Nbd7 5. Bc4 Be7 6. Ng5 O-O 7. Bxf7+ Rxf7 8. Ne6 Qe8 9. Nxc7 Qd8 10. Nxa8 b5 11. dxe5 Nxe5 {C41: Philidor Defence} 12. O-O Bd7 13. f4 (13. f3 $11 {keeps the balance.}) 13... Ng6 $1 $17 {Black is better.} 14. Be3 Qxa8 15. Qd4 Bc6 (15... a5 $142 $1 16. a3 Bc6) 16. Qxa7 $146 ({Predecessor:} 16. Rf2 Bd8 17. Qd2 Ng4 18. Bd4 Nxf2 19. f5 Nxe4 20. Nxe4 Bxe4 21. fxg6 hxg6 {0-1 (26) Arman,D (2324)-Seresin,F (2216) Stockholm 2017}) 16... Qxa7 17. Bxa7 b4 18. Nd5 Nxd5 ({Reject} 18... Nxe4 $6 19. Nxb4 Ba8 20. Nd3 $11) 19. exd5 Bb5 20. Rfd1 (20. Rf3 $11 {remains equal.}) 20... Nxf4 {Threatens to win with ...Bf6.} ({Much less strong is} 20... Rxf4 21. a4 $15) 21. Be3 {[#]} Ne2+ $1 {[%mdl 1024] Black has strong compensation.} 22. Kh1 Bf6 23. a4 {[#]} Ba6 $1 24. Rab1 Re7 25. Bf2 Kf7 26. Be1 Re4 27. a5 Be5 28. Rd2 (28. g3 $17 {keeps fighting.}) 28... h5 29. Bf2 Kg6 30. g3 {[#]} h4 $1 {[%mdl 512]} 31. gxh4 Kf5 32. Be1 (32. Kg2 $142) 32... Kg4 $19 33. Bf2 $2 (33. Kg2 {was the only chance.}) 33... Bf4 34. Rdd1 $2 (34. Rd3 Bxd3 35. cxd3) 34... Kh3 35. Bg1 Nxg1 {Black mates.} 36. Rxg1 {[#]} Re2 $1 {[%csl Gf4,Gh3][%cal Re2h2][%mdl 576] Double Attack} 37. Rge1 Be3 {Accuracy: White = 36%, Black = 91%.} 0-1

[Event "CZE Extraliga 2019-20"]
[Site "Czech Republic"]
[Date "2020.01.25"]
[Round "5.8"]
[White "Bulockin, Martin"]
[Black "Vymazal, Bronislav"]
[Result "1-0"]
[WhiteElo "2104"]
[BlackElo "2347"]
[Annotator "NA"]
[PlyCount "121"]
[EventDate "2019.09.15"]
[EventType "team-tourn"]
[EventCountry "CZE"]
[SourceTitle "playchess.com"]
[Source "ChessBase"]
[SourceQuality "1"]
[TimeControl "40/5400+30:1800+30"]

1. e4 {[%emt 0:00:00]} c5 {[%emt 0:00:06]} 2. Nf3 {[%emt 0:00:14]} e6 {[%emt 0:00:18]} 3. d4 {[%emt 0:01:05]} cxd4 {[%emt 0:00:06]} 4. Nxd4 {[%emt 0:00:14]} Nc6 {[%emt 0:00:06]} 5. Nc3 {[%emt 0:01:19]} Qc7 {[%emt 0:00:09]} 6. Be3 {[%emt 0:03:51]} a6 {[%emt 0:00:31]} 7. Be2 {[%emt 0:03:38]} Nf6 {[%emt 0:06:57]} 8. O-O {[%emt 0:07:48]} b5 $14 {[%emt 0:15:00]} 9. Nxc6 {[%emt 0:18:18]} dxc6 {[%emt 0:00:19]} 10. a3 {[%emt 0:00:37]} e5 {[%emt 0:09:05]} 11. Bg5 {[%emt 0:06:52]} Be7 {[%emt 0:00:44]} 12. Qd2 {[%emt 0:04:28]} O-O {[%emt 0:09:14]} 13. Rfd1 {[%emt 0:01:44]} Be6 {[%emt 0:01:40]} 14. Qe3 {[%emt 0:03:42]} a5 {[%emt 0:11:36]} 15. h3 {[%emt 0:05:22]} Rfd8 {[%emt 0:14:08]} 16. Rxd8+ {[%emt 0:08:23]} Rxd8 {[%emt 0:00:22]} 17. Rd1 {[%emt 0:01:09]} Rxd1+ {[%emt 0:03:15]} 18. Nxd1 {[%emt 0:00:22]} a4 {[%emt 0:08:06]} 19. Nc3 {[%emt 0:03:31]} h6 {[%emt 0:01:43]} 20. Bh4 {[%emt 0:02:23]} g5 {[%emt 0:00:56]} 21. Bg3 {[%emt 0:00:32]} Kg7 {[%emt 0:05:24]} 22. Nb1 {[%emt 0:02:18]} Nd7 {[%emt 0:02:16]} 23. Qc3 {[%emt 0:02:24]} Bc5 {[%emt 0:01:20]} 24. Nd2 {[%emt 0:04:06]} Qd6 {[%emt 0:00:29]} 25. Nf3 {[%emt 0:01:25]} f6 {[%emt 0:00:23]} 26. Qd2 {[%emt 0:03:59]} Qxd2 {[%emt 0:02:45]} 27. Nxd2 {[%emt 0:00:03]} Nb6 {[%emt 0:01:35]} 28. c3 {[%emt 0:00:28]} Kf7 {[%emt 0:00:24]} 29. Kf1 {[%emt 0:00:39]} Ke7 {[%emt 0:00:09]} 30. Ke1 {[%emt 0:00:43]} Kd6 {[%emt 0:00:52]} 31. h4 {[%emt 0:01:32]} Nd7 {[%emt 0:01:35]} 32. Nf3 {[%emt 0:01:46]} Bb6 {[%emt 0:01:03]} 33. Kd1 {[%emt 0:01:10]} Nc5 {[%emt 0:00:36]} 34. Nd2 {[%emt 0:00:37]} Nb3 {[%emt 0:00:44]} 35. Nxb3 {[%emt 0:00:40]} axb3 {[%emt 0:00:14]} 36. Kd2 {[%emt 0:00:30]} Bc5 {[%emt 0:00:10]} 37. Bd3 {[%emt 0:01:46]} Kc7 {[%emt 0:00:14]} 38. hxg5 {[%emt 0:00:28]} hxg5 {[%emt 0:00:07]} 39. f3 {[%emt 0:01:31]} Kb6 {[%emt 0:00:12]} 40. Ke2 {[%emt 0:01:46]} Ka5 {[%emt 0:00:27]} 41. Bf2 {[%emt 0:30:47]} Be7 {[%emt 0:04:38]} 42. Kd2 {[%emt 0:00:00]} Ka4 {[%emt 0:00:56]} 43. Kc1 {[%emt 0:00:00]} g4 {[%emt 0:03:38]} 44. Bh4 {[%emt 0:00:00]} Ka5 {[%emt 0:07:09]} 45. Bf2 {[%emt 0:00:00]} gxf3 {[%emt 0:04:18]} 46. gxf3 {[%emt 0:00:00]} Ka6 {[%emt 0:00:31]} 47. a4 {[%emt 0:00:00]} Bc4 {[%emt 0:00:53]} 48. axb5+ {[%emt 0:00:00]} Kxb5 {[%emt 0:00:08]} 49. Kd2 {[%emt 0:00:00]} c5 {[%emt 0:00:53]} 50. Be3 {[%emt 0:00:00]} Bxd3 {[%emt 0:01:39]} 51. Kxd3 {[%emt 0:00:00]} c4+ {[%emt 0:00:10]} 52. Ke2 {[%emt 0:00:00]} Kc6 {[%emt 0:00:20]} 53. Kf2 {[%emt 0:00:00]} Kd7 {[%emt 0:00:08]} 54. Kg3 {[%emt 0:00:00]} Ke6 {[%emt 0:00:06]} 55. Kg4 {[%emt 0:00:00]} Ba3 {[%emt 0:00:35]} 56. Bc1 {[%emt 0:00:00]} Bc5 {[%emt 0:00:03]} 57. f4 {[%emt 0:00:00]} exf4 {[%emt 0:06:43]} 58. Kxf4 {[%emt 0:00:00]} Bf2 {[%emt 0:03:16]} 59. Bd2 {[%emt 0:00:00]} Bh4 {[%emt 0:00:28]} 60. Kg4 {[%emt 0:00:00]} Bg5 {[%emt 0:01:12]} 61. Bf4 {[%emt 0:00:00]} 1-0